[Event "?"]
[Site "Berliner Sommer"]
[Date "1995.??.??"]
[Round "?"]
[White "Kviriashvili, Iosif"]
[Black "Gleizerov, Evgeny"]
[Result "0-1"]
[WhiteElo "2270"]
[BlackElo "2540"]

1.e4 e6 2.d4 d5 3.Nd2 Nf6 4.e5 Nfd7 5.Bd3 c5 6.c3 Nc6 7.Ne2 cxd4 8.cxd4 f6
9.exf6 Qxf6 10.Nf3 h6 11.O-O Bd6 12.a3 O-O 13.Bc2 Rd8 14.Qd3 Nf8
15.Ng3 Bd7 16.Bd2 Be8 17.Rac1 Bg6 18.Qe3 Rac8 19.Ba4 Ne7 20.Ne5 Nf5
21.Nxf5 Bxf5 22.Ba5 b6 23.Bb4 Bxe5 24.dxe5 Qh4 25.Qg3 Qd4 26.Rcd1 Qc4
27.Bb3 Qb5 28.Be7 Re8 29.a4 Qe2 30.Ba3 Bc2 31.Rde1 Qh5 32.h3 Ng6
33.Bxc2 Rxc2 34.b3 Rec8 35.Bb4 Qf5 36.Re3 Nf4 37.Kh2 d4 38.Rf3 g5
39.Rd1 Qe4 40.Bd6 R8c3 41.Rxc3 Rxc3 42.Qg4 Rc2 43.Qg3 d3 44.h4 Qe2 0-1

[Event "?"]
[Site "Berliner Sommer"]
[Date "1995.??.??"]
[Round "?"]
[White "Mira, Helene"]
[Black "Kharitonov, Andrei Y"]
[Result "0-1"]
[WhiteElo "2070"]
[BlackElo "2550"]

1.d4 Nf6 2.c4 e6 3.Nc3 Bb4 4.e3 O-O 5.Bd3 d5 6.Nge2 Nc6 7.cxd5 exd5
8.O-O Re8 9.f3 Bf8 10.a3 g6 11.Re1 Bg7 12.b4 Ne7 13.Ng3 h5 14.Ra2 c6
15.a4 h4 16.Nf1 Nf5 17.a5 Qe7 18.Bd2 a6 19.Na4 Rb8 20.Bc3 Nh7 21.Nc5 Ng5
22.Kh1 Be6 23.Bb1 Rbd8 24.Rf2 Bc8 25.Ba2 Nd6 26.Nd2 Nb5 27.Nb1 Ne6
28.Rfe2 Qf6 29.Bb2 h3 30.Nd2 hxg2+ 31.Rxg2 Qh4 32.Rg4 Qh6 33.Nxe6 Bxe6
34.Rgg1 Bh3 35.f4 Bf5 36.Bb1 Nd6 37.Nf3 Ne4 38.Qe2 Bf8 39.Bxe4 Bxe4
40.Bc3 Bd6 41.Qf2 Re6 42.Rg3 f6 43.Kg1 Rd7 44.Nd2 Bf5 45.Nb3 Rh7
46.Nc5 Ree7 47.Bd2 Qh5 48.Qg2 g5 49.e4 Bxe4 50.Nxe4 Rxe4 51.Rxe4 dxe4
52.h3 Qd1+ 53.Kh2 Kf8 54.Be3 Rh4 55.fxg5 Qf3 56.Qxf3 exf3 57.gxf6 Re4 0-1

[Event "?"]
[Site "Berliner Sommer"]
[Date "1995.??.??"]
[Round "?"]
[White "Chuchelov, Vladimir"]
[Black "Wolf, Christian"]
[Result "0-1"]
[WhiteElo "2550"]
[BlackElo "2070"]

1.d4 d5 2.c4 c6 3.Nf3 Nf6 4.Nc3 e6 5.Bg5 dxc4 6.e4 b5 7.e5 h6 8.Bh4 g5
9.Nxg5 hxg5 10.Bxg5 Nbd7 11.exf6 Bb7 12.g3 Qb6 13.Bg2 O-O-O 14.O-O Bh6
15.Bxh6 Rxh6 16.a4 Nxf6 17.a5 Qxd4 18.a6 Ba8 19.Qf3 Qd3 20.Qf4 Qd2
21.Qe5 Ng4 22.Qg7 Rxh2 23.Rad1 Rxg2+ 24.Kxg2 Ne3+ 25.Kh3 Nxd1
26.Rxd1 Qxb2 27.Rxd8+ Kxd8 28.Qf8+ Kc7 29.Qxf7+ Kd6 30.Ne4+ Kd5
31.Nf6+ Kd6 32.Qd7+ Ke5 33.Ng4+ Kf5 34.Qf7+ Ke4 35.Qxe6+ Kd3 36.Ne5+ Kc2
37.Qf5+ Kb3 38.Nd7 Qd4 39.Nc5+ Kb2 40.Nd7 Qh8+ 41.Kg4 Qd4+ 42.f4 c3
43.Qe5 Qxe5 44.fxe5 c2 45.Nc5 c1=Q 46.Nd3+ Kc2 47.Nxc1 Kxc1
48.Kf4 {unleserlich} 0-1

[Event "?"]
[Site "Berliner Sommer"]
[Date "1995.??.??"]
[Round "?"]
[White "Valamanesh, Habib"]
[Black "Bunzmann, Dimitrij"]
[Result "0-1"]
[WhiteElo "1605"]
[BlackElo "2185"]

1.Nf3 d5 2.d4 c6 3.g3 Bg4 4.Ne5 Bf5 5.Bg2 Nd7 6.Nf3 e6 7.Bg5 Ngf6
8.O-O Bd6 9.c3 O-O 10.Nbd2 h6 11.Bxf6 Nxf6 12.Re1 Qb6 13.Qb3 Qxb3
14.Nxb3 Rfe8 15.Nbd2 c5 16.dxc5 Bxc5 17.Nd4 Bh7 18.e4 dxe4 19.Nxe4 Bxd4
20.cxd4 Bxe4 21.Bxe4 Nxe4 22.Rxe4 Rac8 23.Re2 Red8 24.Rd1 Rd5 25.f4 Rc4
26.Red2 Kf8 27.Kf2 Ke7 28.Ke3 h5 29.h4 Kf6 30.Ke4 Rd8 31.b3 Rc6 32.a4 Rd5
33.Rd3 b5 34.axb5 Rxb5 35.Rf3 Rc2 36.Rdd3 Rb2 37.Rc3 Rb1 38.Rfe3 a5
39.Rcd3 Rb4 40.Rc3 g6 41.Red3 Rb5 42.Re3 Ke7 43.Rcd3 Kd6 44.Rc3 Rb4
45.Red3 Rb2 46.Kf3 Rb6 47.Ke4 Rb5 48.Re3 Rb7 49.Red3 Rb6 50.Re3 Rb5
51.Red3 Re2+ 52.Kf3 Re1 53.Rc8 Rb1 54.Rcc3 Kd5 55.Ke3 Ra1 56.Kf3 Ra2
57.Ke3 Kd6 58.Rd2 Ra3 59.Rdd3 Rb4 60.Ke4 Ra2 61.Rc4 Re2+ 62.Kf3 Rb2
63.Rcc3 Ra2 64.Ke4 a4 65.bxa4 Rbb2 66.Rd1 Rxa4 67.Rdc1 Raa2 68.Rc6+ Ke7
69.R6c3 Re2+ 70.Re3 f5+ 71.Kd3 Rad2+ 72.Kc3 Rxe3+ 73.Kxd2 Rxg3 74.Rc3 Rg4
75.Rf3 Rxh4 76.Ke3 Rg4 77.Rh3 h4 78.Kf3 Rg3+ 79.Rxg3 hxg3 80.Kxg3 Kd6
81.Kf3 Kd5 82.Ke3 Kc4 0-1

[Event "?"]
[Site "Berliner Sommer"]
[Date "1995.??.??"]
[Round "?"]
[White "Prange, Stefan"]
[Black "Kovalevskaya, Ekaterina"]
[Result "1/2-1/2"]
[WhiteElo "2055"]
[BlackElo "2350"]

1.d4 Nf6 2.Nf3 g6 3.c4 Bg7 4.Nc3 O-O 5.e4 d6 6.Be2 Bg4 7.O-O Nfd7 8.Be3 e5
9.d5 a5 10.Ne1 Bxe2 11.Qxe2 Na6 12.Nd3 Qe7 13.f3 f5 14.Rab1 Ndc5
15.Nxc5 Nxc5 16.b3 b6 17.a3 fxe4 18.Nxe4 Nxe4 19.fxe4 Qh4 20.Rxf8+ Rxf8
21.Bf2 1/2-1/2

[Event "?"]
[Site "Berliner Sommer"]
[Date "1995.??.??"]
[Round "?"]
[White "Levin, Felix"]
[Black "Prange Stefan"]
[Result "0-1"]
[WhiteElo "2490"]
[BlackElo "2055"]

1.d4 Nf6 2.c4 c5 3.d5 b5 4.cxb5 a6 5.f3 g6 6.e4 d6 7.a4 Bg7 8.Na3 O-O
9.Bc4 e6 10.dxe6 fxe6 11.e5 Nh5 12.Qxd6 Qh4+ 13.Kf1 axb5 14.Bxe6+ Bxe6
15.Qxe6+ Kh8 16.Nxb5 Nd7 17.Bd2 Nxe5 18.Be1 Qd8 19.Qd6 Qg5 20.Bd2 Qf5
21.Bc3 Rad8 22.Qxc5 Qd3+ 23.Ne2 Nxf3 24.Bxg7+ Nxg7 25.gxf3 Qxf3+
26.Kg1 Qxe2 27.h3 Rf5 0-1

[Event "?"]
[Site "Berliner Sommer"]
[Date "1995.??.??"]
[Round "?"]
[White "Ahlberg, Guenther"]
[Black "Dissertori, Martin"]
[Result "1-0"]
[WhiteElo "2240"]
[BlackElo "1055"]

1.e4 e5 2.Nf3 Nc6 3.Bb5 a6 4.Ba4 Nf6 5.Qe2 Be7 6.c3 d6 7.Bxc6+ bxc6
8.d4 Bb7 9.dxe5 dxe5 10.Nxe5 O-O 11.O-O Re8 12.Qc4 Rf8 13.Nxc6 Qd7
14.Nxe7+ Qxe7 15.f3 a5 16.Re1 Nh5 17.Be3 Qh4 18.Na3 c6 19.Red1 Rab8
20.Qc5 Ba8 21.Bg5 Qxg5 22.Qxg5 g6 23.Rd2 f6 24.Qxa5 Nf4 25.Rad1 h5
26.Rd8 Ne6 27.Rxf8+ Rxf8 28.Rd7 f5 29.Ra7 fxe4 30.Rxa8 e3 31.Rxf8+ Kxf8
32.Qe5 1-0

[Event "?"]
[Site "Berliner Sommer"]
[Date "1995.??.??"]
[Round "?"]
[White "Aschauer, Guenter"]
[Black "Spiegel, Matthias"]
[Result "1-0"]
[WhiteElo "1895"]
[BlackElo "1343"]

1.e4 c6 2.d4 d5 3.exd5 cxd5 4.c4 Nf6 5.Nc3 Bf5 6.Qb3 b6 7.cxd5 e6
8.Bb5+ Nbd7 9.dxe6 Bxe6 10.d5 Bf5 11.Nf3 Bd6 12.O-O O-O 13.Bg5 Qc7
14.Bc6 Rac8 15.Nb5 Qb8 16.Nxd6 Qxd6 17.Bh4 Nc5 18.Bg3 Qxc6 19.dxc6 Nxb3
20.axb3 Rxc6 21.Nd4 Rc5 22.Bd6 Rd5 23.Nxf5 Rxf5 24.Bxf8 Kxf8 25.Rxa7 1-0

[Event "?"]
[Site "Berliner Sommer"]
[Date "1995.??.??"]
[Round "?"]
[White "Handke, Florian"]
[Black "Haering, Walter-G."]
[Result "1-0"]
[WhiteElo "1890"]
[BlackElo "1043"]

1.e4 c6 2.d4 d5 3.exd5 cxd5 4.c4 Nf6 5.Nc3 Bf5 6.Qb3 Nc6 7.cxd5 Nxd4
8.Qa4+ Nc6 9.dxc6 bxc6 10.Bf4 e6 11.Qxc6+ Nd7 12.Bc7 Qc8 13.Ba6 1-0

[Event "?"]
[Site "Berliner Sommer"]
[Date "1995.??.??"]
[Round "?"]
[White "Dvoirys, Semen I"]
[Black "Hock, Martin"]
[Result "1-0"]
[WhiteElo "2580"]
[BlackElo "2305"]

1.e4 e5 2.Nf3 Nc6 3.Bb5 a6 4.Ba4 Nf6 5.O-O Be7 6.d3 b5 7.Bb3 d6 8.c3 O-O
9.Nbd2 Re8 10.a4 Rb8 11.axb5 axb5 12.Ng5 Rf8 13.h3 h6 14.Ngf3 Re8
15.d4 Bf8 16.Bc2 exd4 17.cxd4 Nb4 18.Bb1 c5 19.dxc5 dxc5 20.e5 Nd7
21.Ne4 Nxe5 22.Nxe5 Qxd1 23.Rxd1 Rxe5 24.Bf4 Nc6 25.Bxe5 Nxe5 26.Rd8 Nc6
27.Re8 Bb7 28.Rxb8 Nxb8 29.Ra7 Bc6 30.Rc7 f5 31.Nxc5 Bxc5 32.Rc8+ Kf7
33.Rxb8 Bd7 34.Rb7 Ke8 35.Bxf5 1-0

[Event "?"]
[Site "Berliner Sommer"]
[Date "1995.??.??"]
[Round "?"]
[White "Rause, Olita"]
[Black "Virnik Elena"]
[Result "1-0"]
[WhiteElo "2320"]
[BlackElo "1900"]

1.e4 c5 2.c3 d5 3.exd5 Qxd5 4.d4 Nf6 5.Nf3 e6 6.Be2 Nbd7 7.O-O b6
8.Ng5 Qd6 9.Bf3 Rb8 10.Nd2 cxd4 11.Nde4 Qc7 12.cxd4 Be7 13.Bd2 Nd5
14.Rc1 Qd8 15.Qa4 a6 16.Qc6 O-O 17.Nxe6 fxe6 18.Qxe6+ Kh8 19.Qxd5 Bb7
20.Qb3 Nf6 21.Ng5 Nd5 1-0

[Event "?"]
[Site "Berliner Sommer"]
[Date "1995.??.??"]
[Round "?"]
[White "Pribyl, Martin"]
[Black "Sabel, Reinhard"]
[Result "1-0"]
[WhiteElo "2390"]
[BlackElo "1910"]

1.d4 d5 2.c4 e6 3.Nc3 Nf6 4.Bg5 Be7 5.e3 O-O 6.Nf3 Nbd7 7.cxd5 exd5
8.Qc2 c6 9.Bd3 Re8 10.O-O Ne4 11.Bxe4 dxe4 12.Nxe4 Nf8 13.Bxe7 Qxe7
14.Nc5 Ng6 15.Rfe1 Bg4 16.Nd2 b6 17.Nd3 Qg5 18.f4 Qf5 19.Rac1 Rac8
20.Nc4 Qe6 21.Nde5 Nxe5 22.dxe5 Red8 23.h3 Bf5 24.e4 Bxh3 25.gxh3 Qxh3
26.Qg2 Qd3 27.Nd6 Rc7 28.Rcd1 1-0

[Event "?"]
[Site "Berliner Sommer"]
[Date "1995.??.??"]
[Round "?"]
[White "Wahls, Matthias"]
[Black "Goletiani Rusudan"]
[Result "1-0"]
[WhiteElo "2550"]
[BlackElo "2165"]

1.e4 c5 2.Nf3 e6 3.d4 cxd4 4.Nxd4 Nf6 5.Nc3 d6 6.g4 e5 7.Bb5+ Bd7
8.Bxd7+ Nbxd7 9.Nf5 d5 10.exd5 g6 11.Ng3 h6 12.O-O Bg7 13.a4 O-O
14.a5 Rc8 15.Be3 Rc4 16.f3 Qb8 17.Qd2 Kh7 18.b3 Rd4 19.Bxd4 exd4
20.Nce2 Nxd5 21.Nxd4 Qe5 22.Rad1 Ne3 23.Rfe1 Re8 24.Nf1 Qxd4 25.Qxd4 Bxd4
26.Rxd4 Nxc2 27.Rxe8 Nxd4 28.Nd2 Nc6 29.Nc4 Kg7 30.Rc8 Kf6 31.a6 Nce5
32.Nxe5 1-0

[Event "?"]
[Site "Berliner Sommer"]
[Date "1995.??.??"]
[Round "?"]
[White "Drieschner, Michael"]
[Black "Husted, Peter"]
[Result "0-1"]
[WhiteElo "1810"]
[BlackElo "2210"]

1.e4 c5 2.f4 d5 3.e5 Nc6 4.Nf3 Bg4 5.Be2 e6 6.O-O Nge7 7.b3 Nf5 8.Bb2 h5
9.c3 g6 10.Qc2 Bh6 11.g3 Bh3 12.Rf2 h4 13.g4 Bxg4 14.Na3 Bxf4 15.c4 d4
16.Qe4 Bxf3 17.Bxf3 Qg5+ 18.Rg2 Qh6 19.Nb5 O-O 20.Nc7 Rac8 21.Nd5 exd5
22.Qxf5 Nxe5 23.Bxd5 h3 24.Rg4 Nxg4 25.Qxg4 Qg5 26.Qxg5 Bxg5 27.d3 b6
28.Rf1 Rce8 29.Be4 f5 30.Bd5+ Kg7 31.Kf2 Bh4+ 32.Kf3 0-1

[Event "?"]
[Site "Berliner Sommer"]
[Date "1995.??.??"]
[Round "?"]
[White "Gulde, Juergen"]
[Black "Chuchelov, Vladimir"]
[Result "1/2-1/2"]
[WhiteElo "1880"]
[BlackElo "2530"]

1.e4 c5 2.Nf3 e6 3.d4 cxd4 4.Nxd4 a6 5.Be2 Nf6 6.Nd2 Qc7 7.O-O Bc5
8.N4b3 Be7 9.f4 d6 10.e5 Nd5 11.Nf3 O-O 12.c4 Nb6 13.Bd2 Nc6 14.Bc3 Nd7
15.Bd3 g6 16.exd6 Bxd6 17.Ng5 e5 18.f5 Nf6 19.fxg6 fxg6 20.c5 Be7
21.Bc4+ Kg7 22.Qe1 1/2-1/2

[Event "?"]
[Site "Berliner Sommer"]
[Date "1995.??.??"]
[Round "?"]
[White "Muse, Drazen"]
[Black "Oezen, Alf"]
[Result "1-0"]
[WhiteElo "2335"]
[BlackElo "1865"]

1.d4 Nf6 2.Nf3 b6 3.c4 e6 4.e3 Bb7 5.Bd3 Bb4+ 6.Nbd2 Ne4 7.O-O f5
8.Qc2 Ng5 9.Nxg5 Qxg5 10.e4 Bd6 11.Nf3 Qh5 12.c5 Be7 13.cxb6 Bd6
14.e5 Bxf3 15.gxf3 Nc6 16.Be3 Nxe5 17.dxe5 Bxe5 18.Rfd1 Bxh2+ 19.Kg2 Bd6
20.bxc7 Qh2+ 21.Kf1 Rc8 22.Bb5 Rxc7 23.Qd2 Qe5 24.a4 f4 25.Qxd6 Qxd6
26.Rxd6 fxe3 27.Rxe6+ 1-0

[Event "?"]
[Site "Berliner Sommer"]
[Date "1995.??.??"]
[Round "?"]
[White "Pfalzer, Helmut"]
[Black "Stieg, Hans-Juergen"]
[Result "0-1"]
[WhiteElo "1691"]
[BlackElo "2015"]

1.d4 Nf6 2.Nc3 d5 3.Bg5 Nbd7 4.Nf3 c6 5.a3 g6 6.e3 Bg7 7.Bd3 O-O 8.Ne2 Re8
9.c3 e5 10.dxe5 Nxe5 11.Nxe5 Rxe5 12.Bf4 Re8 13.O-O Nh5 14.h3 Nxf4
15.Nxf4 Qf6 16.Qc2 Re5 17.Kh2 Qd6 18.g3 Qd7 19.h4 Bh6 20.Rh1 Qe7
21.Kg2 Bf5 22.Bxf5 Rxf5 23.Ne2 Re5 24.Rad1 Re8 25.Qd3 Bxe3 26.f4 Re4
27.Rhf1 Bb6 28.Nc1 Re3 29.Qc2 f5 30.Rd2 Re1 31.Nd3 Rxf1 32.Kxf1 Qe3
33.Rg2 Qf3+ 34.Nf2 0-1

[Event "?"]
[Site "Berliner Sommer"]
[Date "1995.??.??"]
[Round "?"]
[White "Leusch Gernot"]
[Black "Dizdar, Goran"]
[Result "0-1"]
[WhiteElo "2110"]
[BlackElo "2535"]

1.e4 e6 2.Nf3 c5 3.d4 cxd4 4.Nxd4 Bc5 5.c3 a6 6.Be2 Qc7 7.O-O Nf6 8.Bf3 d6
9.Be3 Nbd7 10.Nd2 Ne5 11.Be2 b5 12.Rc1 d5 13.Bf4 dxe4 14.a4 bxa4
15.Qxa4+ Bd7 16.Bb5 O-O 17.Bxe5 axb5 18.Qxa8 Qxe5 19.Qa6 Ng4 20.g3 e3
21.N2f3 exf2+ 22.Rxf2 Qe3 23.Rcc2 Nxf2 24.Rxf2 e5 25.b4 Bh3 26.Qa1 Bb6 0-1

[Event "?"]
[Site "Berliner Sommer"]
[Date "1995.??.??"]
[Round "?"]
[White "Kalinichev, Sergey L"]
[Black "Tyrtania, Maximilian"]
[Result "1-0"]
[WhiteElo "2470"]
[BlackElo "2250"]

1.Nf3 Nf6 2.c4 c5 3.Nc3 Nc6 4.g3 g6 5.Bg2 Bg7 6.d4 cxd4 7.Nxd4 Ng4
8.e3 Nxd4 9.exd4 Nh6 10.O-O Nf5 11.Ne2 O-O 12.Qd3 d6 13.Rd1 Qc7 14.b3 Bd7
15.Bb2 Bc6 16.Bh3 e6 17.Rac1 Rac8 18.Bc3 Bh6 19.d5 Bxc1 20.Rxc1 Bd7
21.Bxf5 exf5 22.Bf6 h6 23.Qd2 Kh7 24.h4 Rce8 25.Kg2 b5 26.Nd4 bxc4
27.Nf3 Bc8 28.bxc4 Qd7 29.Qf4 Re2 30.Ng5+ Kg8 31.Ne4 Kh7 32.Nxd6 Bb7
33.a3 Ba8 34.h5 g5 35.Qxf5+ Qxf5 36.Nxf5 Rc8 37.Kf1 Ra2 38.Nd6 Rc7 1-0

[Event "?"]
[Site "Berliner Sommer"]
[Date "1995.??.??"]
[Round "?"]
[White "Schuetzhold, Frank"]
[Black "Gagarin, Vasily"]
[Result "0-1"]
[WhiteElo "2215"]
[BlackElo "2420"]

1.b3 e5 2.Bb2 d6 3.g3 Nc6 4.c4 f5 5.e3 Nf6 6.Bg2 g6 7.Nc3 Bg7 8.Nge2 O-O
9.d3 Be6 10.d4 Bf7 11.dxe5 dxe5 12.Bxc6 bxc6 13.Qxd8 Rfxd8 14.Rd1 Rxd1+
15.Nxd1 Ne4 16.Ndc3 Nc5 17.Nc1 a5 18.Kd2 a4 19.Kc2 a3 20.Ba1 e4 21.Rd1 g5
22.Rd2 Bg6 23.Kb1 f4 24.Nd1 Bf8 25.Be5 Nd3 26.Nxd3 fxe3 27.fxe3 exd3
28.Bd4 Be7 29.Kc1 Re8 30.e4 Bxe4 31.Nf2 Bb4 32.Nxe4 Rxe4 33.Rxd3 Re2
34.Bc3 Bxc3 35.Rxc3 Rxh2 36.Kb1 Rb2+ 37.Ka1 c5 38.Rd3 Rg2 39.Kb1 h5
40.Rd8+ Kf7 0-1

[Event "?"]
[Site "Berliner Sommer"]
[Date "1995.??.??"]
[Round "?"]
[White "Sergeev, Vladimir"]
[Black "Lochte, Thomas"]
[Result "1-0"]
[WhiteElo "2415"]
[BlackElo "2225"]

1.c4 e5 2.g3 Nf6 3.Bg2 c6 4.a3 d5 5.cxd5 cxd5 6.d4 exd4 7.Nf3 Nc6
8.Nxd4 Qb6 9.Nxc6 bxc6 10.Nc3 Be7 11.Na4 Qb5 12.O-O O-O 13.Be3 Ba6
14.Re1 Ng4 15.Bf4 Rad8 16.Rc1 d4 17.Qc2 Qh5 18.h3 Nf6 19.g4 Qg6
20.Qxc6 Bc8 21.Nc5 h5 22.g5 Nh7 23.h4 Qf5 24.Qe4 Rfe8 25.Bc7 d3
26.Qxf5 Bxf5 27.Nxd3 Rd4 28.Nf4 f6 29.e3 Rd2 30.Bc6 Rc8 31.Bb7 Re8
32.Bd5+ Kh8 33.Bf7 Rc8 34.g6 Nf8 35.b4 Bd7 36.Ba5 Rd6 37.Rxc8 Bxc8
38.Rc1 Bg4 39.b5 f5 1-0

[Event "?"]
[Site "Berliner Sommer"]
[Date "1995.??.??"]
[Round "?"]
[White "Kovalev, Andrej"]
[Black "Ebert, Wolfgang"]
[Result "0-1"]
[WhiteElo "2505"]
[BlackElo "2270"]

1.e4 c5 2.Nf3 e6 3.d4 cxd4 4.Nxd4 Nc6 5.Be2 Nf6 6.Qd3 Nxd4 7.Qxd4 d6
8.O-O Be7 9.c4 O-O 10.Nc3 Bd7 11.b3 Bc6 12.Bb2 a6 13.Rfd1 Qa5 14.a3 Rfd8
15.Qe3 Qc5 16.Qg3 h6 17.Nd5 exd5 18.Bd4 Qa5 19.exd5 Be8 20.Qe3 Qc7
21.Bb6 Qd7 22.Bxd8 Rxd8 23.h3 Bf8 24.b4 Qc7 25.Rac1 Ba4 26.Rd2 Re8
27.Qd4 b6 28.Bf3 Re5 29.c5 bxc5 30.bxc5 Bb3 31.Qb4 Bxd5 32.Bxd5 Nxd5
33.Qb3 Nf4 34.Qc4 dxc5 35.Qxa6 Qe7 36.Kf1 Nxg2 37.Qa8 Nf4 38.a4 Qh4
39.Qf3 Nxh3 40.a5 Qg5 41.Qxh3 Qxd2 42.Ra1 Qe2+ 0-1

[Event "?"]
[Site "Berliner Sommer"]
[Date "1995.??.??"]
[Round "?"]
[White "Gaertner, Guntram"]
[Black "Loginov, Valery A"]
[Result "0-1"]
[WhiteElo "2285"]
[BlackElo "2525"]

1.d4 Nf6 2.c4 e6 3.Nc3 Bb4 4.Bg5 h6 5.Bh4 c5 6.d5 Bxc3+ 7.bxc3 d6 8.e3 e5
9.Qc2 Qe7 10.Nf3 Nbd7 11.Nd2 e4 12.Be2 Kd8 13.Nxe4 g5 14.Nxf6 Nxf6
15.Bg3 h5 16.h3 Kc7 17.Bd3 h4 18.Bh2 g4 19.hxg4 Bxg4 20.Kd2 Rag8
21.Rab1 Bc8 22.Bf1 Ne4+ 23.Ke1 Ng3 24.Bxg3 hxg3 25.Rxh8 Rxh8 26.Qd2 Qe4
27.Qd3 gxf2+ 28.Kxf2 Qh4+ 29.Kg1 Rh6 30.Be2 Qh2+ 31.Kf2 Rf6+ 32.Bf3 Bg4
33.Ke1 Bxf3 34.gxf3 Rg6 0-1

[Event "?"]
[Site "Berliner Sommer"]
[Date "1995.??.??"]
[Round "?"]
[White "Neuschmied, Siegfried"]
[Black "Chernyshov, Konstantin"]
[Result "0-1"]
[WhiteElo "2270"]
[BlackElo "2505"]

1.e4 c5 2.Nc3 Nc6 3.g3 Rb8 4.f4 e6 5.Bg2 b5 6.a3 b4 7.axb4 cxb4 8.Nce2 d5
9.e5 h5 10.Nf3 Nh6 11.O-O Nf5 12.d4 a5 13.c3 Ba6 14.Rf2 Qb6 15.Kh1 Be7
16.Neg1 Bb5 17.Bf1 g6 18.Bxb5 Qxb5 19.Ne2 b3 20.h3 a4 21.Rh2 a3 22.g4 Nh6
23.f5 axb2 24.Bxb2 hxg4 25.hxg4 Kd7 26.f6 Nxg4 27.Rxh8 Rxh8+ 28.Kg1 Rh1+ 0-1

[Event "?"]
[Site "Berliner Sommer"]
[Date "1995.??.??"]
[Round "?"]
[White "Hartmann, Wolfgang"]
[Black "Schoeneberg, Guenter"]
[Result "0-1"]
[WhiteElo "2035"]
[BlackElo "1705"]

1.d4 Nf6 2.c4 d6 3.Nc3 g6 4.e4 Bg7 5.f3 O-O 6.Be3 e5 7.d5 Nbd7 8.Qd2 Nh5
9.Bd3 Nc5 10.Bc2 a5 11.O-O-O f5 12.exf5 gxf5 13.Nge2 Nf6 14.Ng3 Qe8
15.Bxf5 Qf7 16.Bc2 Bd7 17.Kb1 a4 18.h4 a3 19.b3 Rfe8 20.Nge4 Ncxe4
21.Nxe4 Bf5 22.Ng5 Qd7 23.Bxf5 Qxf5+ 24.Qc2 Qd7 25.Ne6 Rxe6 26.dxe6 Qxe6
27.h5 e4 28.h6 Bh8 29.Rh3 exf3 30.Rg3+ Kf8 31.Rxf3 Ke7 32.Bd4 Kd7
33.Rdf1 Ne4 34.Bxh8 Rxh8 35.Re1 Re8 36.Ree3 Qxh6 37.Rf7+ Kc6 38.Rh3 Nd2+
39.Kc1 Re1+ 40.Qd1 Rxd1+ 41.Kxd1 Qg6 42.Rhxh7 Qxg2 43.Rxc7+ Kb6
44.Rxb7+ Kc5 45.Rbg7 Qf2 46.Rg5+ Kc6 47.Rh8 Nxc4 0-1

[Event "?"]
[Site "Berliner Sommer"]
[Date "1995.??.??"]
[Round "?"]
[White "Gutman, Lev"]
[Black "Zierke, Oliver"]
[Result "0-1"]
[WhiteElo "2470"]
[BlackElo "2250"]

1.Nf3 c5 2.g3 b6 3.Bg2 Bb7 4.O-O Nf6 5.d4 e6 6.b3 d6 7.Na3 Nbd7 8.Nc4 b5
9.Ne3 Be7 10.c4 b4 11.Bb2 O-O 12.Qc2 Qc7 13.Rad1 Be4 14.Qc1 a5 15.Bh3 a4
16.d5 exd5 17.cxd5 Nb6 18.Nh4 Nfxd5 19.Nxd5 Bxd5 20.Nf5 Be6 21.Nxg7?
(21.Qh6!! {mit Mattangriff auf g7.} 21... gxh6 (21...Bxf5 22.Qxg7#)
(21...Bf6 22.Bxf6 gxh6 23.Nxh6#) 22.Nxh6#) 21...Bxh3 22.Qh6 f6 23.Nh5 Rf7
24.Rfe1 Bf5 25.e4 Bg6 26.Nf4 axb3 27.axb3 Ra2 28.Ba1 Bf8 29.Qh4 Qe7
30.Qg4 Qd7 31.Qf3 Bh6 32.h4 Bxf4 33.Qxf4 Nc8 34.Bxf6 Ra6 35.e5 dxe5??
36.Qc1 (36.Rxd7 exf4 37. Re8+ Rf8 38.Rg7+ Kh8 39.Rxf8#) 36...Rd6
37.Bxe5 Rxd1 38.Rxd1 Qe7 39.Bf4 Rf8 40.Bd6 Nxd6 41.Qxc5 Bf5 42.Qd5+ Qf7 0-1

[Event "?"]
[Site "Berliner Sommer"]
[Date "1995.??.??"]
[Round "?"]
[White "Richter, Matthias"]
[Black "Haempfler, Bert"]
[Result "1-0"]
[WhiteElo "1976"]
[BlackElo "1532"]

1.e4 c5 2.Nf3 Nc6 3.d4 cxd4 4.Nxd4 d6 5.c4 Nf6 6.Nc3 e6 7.Be3 Be7
8.Be2 O-O 9.O-O Nxd4 10.Qxd4 h6 11.Rad1 a6 12.e5 dxe5 13.Qxe5 Bd7
14.Bf3 Qc8 15.Qg3 Kh7 16.Bd4 Bc6 17.Ne4 Rg8 18.Qh4 Nxe4 19.Bxe4+ Bxe4
20.Qxe4+ g6 21.Rfe1 Bf8 22.Qf4 Qe8 (22...Qd7 23.Bg7!) 23.Qc7 Qe7
24.Qxe7 Bxe7 25.Bb6 Rac8 26.Rd7 Rge8 27.b3 Kg7 28.Rxb7 Rc6 29.Rd1 Bc5
30.Ba5 e5 31.Rdd7 Rf6 32.Be1 e4 33.Bc3 Bxf2+ 34.Kh1 Rf8 35.Rd6 Kg8
36.Rxf6 e3 37.g3 Rd8 38.Rbxf7 h5 39.Rxf2 exf2 40.Rxf2 Rd1+ 1-0

[Event "?"]
[Site "Berliner Sommer"]
[Date "1995.??.??"]
[Round "?"]
[White "Lehner, Oliver"]
[Black "Milov, Leonid"]
[Result "1/2-1/2"]
[WhiteElo "2260"]
[BlackElo "2480"]

1.c4 f5 2.Nf3 Nf6 3.g3 d6 4.Bg2 e5 5.d3 Be7 6.Nc3 O-O 7.O-O Qe8 8.Bd2 Qh5
9.Nd5 Nxd5 10.cxd5 Nd7 11.Rc1 Bd8 12.e4 f4 13.d4 g5 14.dxe5 dxe5 15.h3 a5
16.g4 Qg6 17.Ne1 Qb6 18.Nd3 Be7 19.b3 Qa6 20.Bc3 Qf6 21.f3 Bd6 22.Rc2 b6
23.Qa1 Ba6 24.Rd1 h5 25.gxh5 Bxd3 26.Rxd3 Rf7 27.Rdd2 Rh7 28.Bf1 Rxh5
29.Rh2 Nf8 30.Rcg2 Ng6 31.Rg4 Kf7 32.Qd1 Rah8 33.Be1 Nh4 34.Qd3 Bc5+ 1/2-1/2

[Event "?"]
[Site "Berliner Sommer"]
[Date "1995.??.??"]
[Round "?"]
[White "Kharitonov, Andrei Y"]
[Black "Kimpinsky, Frank"]
[Result "1-0"]
[WhiteElo "2550"]
[BlackElo "2295"]

1.d4 d5 2.c4 c6 3.Nf3 Nf6 4.e3 e6 5.Bd3 dxc4 6.Bxc4 Nbd7 7.O-O b5 8.Bd3 a6
9.a4 Bb7 10.e4 b4 11.e5 Nd5 12.Ng5 Be7 13.Qg4 Qb6 14.Nd2 h5 15.Qe4 c5
16.Nc4 Qc7 17.Qf3 O-O-O 18.Qxf7 Rdf8 19.Qxe6 Rh6 20.Qh3 Bxg5 21.Bxg5 Nf4
22.Bxf4 Rxf4 23.dxc5 Rg4 24.f3 Qxc5+ 25.Kh1 Rd4 26.Rac1 Kb8 27.e6 {ZUe} 1-0

[Event "?"]
[Site "Berliner Sommer"]
[Date "1995.??.??"]
[Round "?"]
[White "Yemelin, Vasily"]
[Black "Bachmann, Andreas"]
[Result "0-1"]
[WhiteElo "2500"]
[BlackElo "2265"]

1.e4 c6 2.d4 d5 3.e5 Bf5 4.h4 h6 5.g4 Be4 6.f3 Bh7 7.e6 Qd6 8.exf7+ Kxf7
9.Bd3 e5 10.Bxh7 Rxh7 11.dxe5 Qxe5+ 12.Ne2 Nd7 13.Nbc3 Re8 14.Kf2 Ngf6
15.Bf4 Bc5+ 16.Kg2 Qe6 17.Bg3 Ne5 18.Nf4 Qd7 19.g5 hxg5 20.hxg5 Reh8
21.Rxh7 Rxh7 22.Nce2 Nh5 23.Qd2 Qf5 24.Rh1 Qxg5 25.Rxh5 Rxh5 26.Qc3 Nc4
27.Nxh5 Ne3+ 28.Kg1 Qxh5 29.Nd4 Bxd4 30.Qxd4 Qxf3 31.Qf4+ Qxf4
32.Bxf4 Nxc2 0-1

[Event "?"]
[Site "Berliner Sommer"]
[Date "1995.??.??"]
[Round "?"]
[White "Khurtsidze, Nino"]
[Black "Brodsky, Michail"]
[Result "0-1"]
[WhiteElo "2295"]
[BlackElo "2555"]

1.d4 Nf6 2.Nf3 e6 3.g3 b6 4.Bg2 Bb7 5.O-O c5 6.c4 cxd4 7.Nxd4 Bxg2
8.Kxg2 Qc7 9.b3 Qb7+ 10.f3 a6 11.Nc3 Be7 12.e4 d6 13.Be3 Nfd7 14.Nce2 O-O 0-1

[Event "?"]
[Site "Berliner Sommer"]
[Date "1995.??.??"]
[Round "?"]
[White "Bagirov, Vladimir"]
[Black "Kohler, Thomas"]
[Result "1-0"]
[WhiteElo "2530"]
[BlackElo "2285"]

1.b3 e5 2.Bb2 d6 3.g3 g6 4.Bg2 Bg7 5.c4 Nf6 6.Nc3 O-O 7.Nf3 Re8 8.O-O c6
9.e4 Nbd7 10.d4 a5 11.Re1 exd4 12.Nxd4 Nc5 13.Rb1 Qb6 14.Ba1 h5
15.h3 Nfd7 16.Re2 Bh6 17.Nf3 Qc7 18.Qd4 Ne6 19.Qd1 Ne5 20.Ne1 Qe7
21.Na4 Nd7 22.Nf3 Kh7 23.Qc2 Nec5 24.Nxc5 Nxc5 25.Rbe1 Be6 26.Qc3 Qf8
27.Nd4 Bg7 28.Qd2 Bd7 29.f4 Ne6 30.Nf3 Bxa1 31.Rxa1 Nc5 32.Rd1 1-0

[Event "?"]
[Site "Berliner Sommer"]
[Date "1995.??.??"]
[Round "?"]
[White "Novikov, Igor A"]
[Black "Darnstaedt, Frank"]
[Result "1-0"]
[WhiteElo "2580"]
[BlackElo "2300"]

1.d4 Nf6 2.c4 g6 3.Nc3 d5 4.Bf4 c6 5.e3 Bg7 6.Nf3 O-O 7.Be2 Nbd7
8.cxd5 Nxd5 9.Nxd5 cxd5 10.O-O Qb6 11.Qb3 Qxb3 12.axb3 Nf6 13.Rfc1 Bf5
14.Rc7 Rfc8 15.Rxe7 Rc2 16.Bd1 Rxb2 17.Rxb7 Ne4 18.Ne5 a5 19.Rxa5 Rc8
20.Ra1 Nxf2 21.Nxf7 Nxd1 22.Nd6 Nxe3 23.Nxc8 Rxg2+ 24.Kh1 Be4 25.Ne7+ Kf7
26.Nxd5+ Ke6 27.Ra6+ Kf5 28.Nxe3+ 1-0

[Event "?"]
[Site "Berliner Sommer"]
[Date "1995.??.??"]
[Round "?"]
[White "Schmidt, Jan-Peter"]
[Black "Krogius, Nikolai V"]
[Result "1/2-1/2"]
[WhiteElo "2265"]
[BlackElo "2485"]

1.Nf3 Nf6 2.c4 e6 3.Nc3 Bb4 4.Qc2 O-O 5.g3 d5 6.a3 Be7 7.cxd5 exd5 8.d4 c6
9.Bg2 Nbd7 10.O-O a5 11.Bf4 Nh5 12.Bd2 f5 13.e3 Bd6 14.Ne2 Qe7
15.Nf4 Nhf6 16.b4 Ne4 17.b5 Ndf6 18.bxc6 bxc6 19.Qxc6 Bd7 20.Qc2 Bb5
21.Rfc1 Bc4 22.a4 Rfc8 23.Nd3 Ba6 24.Qb3 Bc4 25.Qc2 Ba6 26.Qb3 Bc4 1/2-1/2

[Event "?"]
[Site "Berliner Sommer"]
[Date "1995.??.??"]
[Round "?"]
[White "Vogel, Robert"]
[Black "Greenfeld Alon"]
[Result "1/2-1/2"]
[WhiteElo "2300"]
[BlackElo "2570"]

1.d4 Nf6 2.c4 e6 3.Nc3 Bb4 4.e3 O-O 5.Bd3 d5 6.Nge2 e5 7.O-O e4 8.Bc2 c6
9.Ng3 Bd6 10.f3 exf3 11.Qxf3 Bg4 12.Qf2 Na6 13.e4 Nxe4 14.Ncxe4 dxe4
15.Nxe4 Bh5 16.Bg5 f6 17.Qf5 Bg6 18.Qe6+ Kh8 19.Nxd6 Nc7 20.Nxb7 Nxe6
21.Nxd8 Nxg5 22.Bxg6 Rfxd8 23.h4 Ne6 24.d5 1/2-1/2